The Boston Red Sox /

Bibliographic Details
Main Author: Lieb, Fred, 1888-1980
Format: Book
Language:English
Published: New York : G.P. Putnam's sons, [1947]
Subjects:

MARC

Tag First Indicator Second Indicator Subfields
LEADER 00000cam a2200000 4500
001 in00000032587
005 20151007061816.0
008 750923s1947 nyuc 00010 eng
010 |a  47002943  
035 |a (OCoLC)01651271 
035 |9 AAD3136AM 
040 |a DLC  |c DZM  |d TXA  |d UtOrBLW 
049 |a TXAM  |c [170287] 
050 0 0 |a GV875.B62  |b L5 
082 0 |a 796.357 
092 |a 796.357  |b L716b 
100 1 |a Lieb, Fred,  |d 1888-1980. 
245 1 4 |a The Boston Red Sox /  |c by Frederick G. Lieb... 
264 1 |a New York :  |b G.P. Putnam's sons,  |c [1947] 
300 |a xiii,261 pages :  |b frontispiece, portraits ;  |c 22 cm. 
336 |a text  |b txt  |2 rdacontent 
337 |a unmediated  |b n  |2 rdamedia 
338 |a volume  |b nc  |2 rdacarrier 
610 1 0 |a Boston Red Sox (Baseball team) 
999 |a MARS 
999 f f |s 283c5133-e73b-3cc4-9b8f-f021eb241db8  |i e2897893-e7d0-3f6f-8d98-8f6b9edf8c31  |t 0 
952 f f |p ric  |a Texas A&M University  |b Rellis Campus  |c Joint Library Facility  |d Remote Storage  |t 0  |e GV875.B62 L5  |h Library of Congress classification  |i unmediated -- volume  |m A14801185371 
998 f f |a GV875.B62 L5  |t 0  |l Remote Storage